Análisis de posibles técnicas de optimización aplicables al algoritmo de una articulación con control por impedancia
Uloženo v:
| Hlavní autor: | |
|---|---|
| Další autoři: | |
| Médium: | Kniha |
| Jazyk: | Spanish |
| Vydáno: |
[San José], Costa Rica
2015
|
| Témata: | |
| Tagy: |
Přidat tag
Žádné tagy, Buďte první, kdo vytvoří štítek k tomuto záznamu!
|
MARC
| LEADER | 00000nam a22000007a 4500 | ||
|---|---|---|---|
| 003 | 012414 | ||
| 005 | 20230912115233.0 | ||
| 008 | 160713b2015 cr a|||| |||| 00| ||spa d | ||
| 040 | |c cru CEDI | ||
| 090 | |a TFG 7572 | ||
| 100 | |9 5222 |a Chavarría Hughes, Jean Carlos | ||
| 245 | |a Análisis de posibles técnicas de optimización aplicables al algoritmo de una articulación con control por impedancia | ||
| 260 | |a [San José], Costa Rica |c 2015 | ||
| 300 | |a xiii,98 hojas; ilustraciones a color | ||
| 500 | |a Proyecto de graduación (bachillerato en ingeniería eléctrica)--Universidad de Costa Rica. Facultad de Ingeniería. Escuela de Ingeniería Eléctrica | ||
| 501 | |a Profesor Guía de IE-0499 Proyecto Eléctrico: Ing. Sebastián Chinchilla Gutiérrez | ||
| 650 | |x ARTICULACIONES |x ROBOTICA |x SISTEMAS DE CONTROL L DE AUTOMATAS |x ROBOTS |9 5223 | ||
| 700 | |9 1478 |a Chinchilla Gutiérrez, Sebastián, 1986- |d Director de Proyecto Eléctrico | ||
| 942 | |c CEDI | ||
| 999 | |c 16995 |d 16995 | ||
